000 00508nam a2200181Ia 4500
008 090124s9999 xx 000 0 und d
082 _b41399
100 _aLANGE V.
245 _a"PHYSICAL PROBLEMS FOR ROBINSONS I 116?.,116 ?. "
250 _a0
260 _bMIR PUBLISHERS MOSCOW
_c1974
300 _a135
600 _aLANGE V.
630 _a"PHYSICAL PROBLEMS FOR ROBINSONS I 116?.,116 ?. "
700 _aLANGE V.
730 _a"PHYSICAL PROBLEMS FOR ROBINSONS I 116?.,116 ?. "
942 _cBOOK
999 _c107539
_d107539